[Event "Regionalliga Sued-West 1819"]
[Site "Bayern"]
[Date "2018.12.16"]
[Round "4.4"]
[White "Ryzhkov, Vadim"]
[Black "Antemia, Paul"]
[Result "0-1"]
[WhiteElo "2094"]
[BlackElo "2083"]
[PlyCount "78"]
[EventDate "2018.10.21"]
[EventType "team-tourn"]
[EventRounds "9"]
[EventCountry "GER"]
[SourceTitle "EXT 2022"]
[Source "ChessBase"]
[SourceDate "2021.10.06"]
[SourceVersion "1"]
[SourceVersionDate "2021.10.06"]
[SourceQuality "1"]
[WhiteTeam "Sendling SC"]
[BlackTeam "Tuerkheim/Bad Woerishofen"]
[WhiteTeamCountry "GER"]
[BlackTeamCountry "GER"]

1. e4 c5 2. c3 d5 3. exd5 Qxd5 4. d4 Nf6 5. Nf3 Bg4 6. dxc5 Qxc5 7. Na3 a6 8. Be3 Qc7 9. Be2 Nbd7 10. h3 Bh5 11. Qa4 Rc8 12. Rd1 e6 13. Bf4 Qc6 14. Qxc6 Rxc6 15. Nc2 Rc8 16. Ne3 Bc5 17. g4 Bg6 18. Nc4 Ne4 19. 0-0 Nb6 20. Nxb6 Bxb6 21. Ne5 Bc7 22. Bf3 Bxe5 23. Bxe5 f6 24. Bd6 Rd8 25. Bc7 Rd7 26. Ba5 Ng5 27. Bxb7 Rxb7 28. Rd8+ Kf7 29. Rxh8 Rxb2 30. Bb4 Be4 31. Kh2 Bd3 32. Rf8+ Kg6 33. Rd1 Rxf2+ 34. Kg3 Ne4+ 35. Kh4 Kh6 36. Rxf6+ Rxf6 37. g5+ Nxg5 38. Rxd3 Ne4 39. Bd6 g5+ 0-1

[Event "Regionalliga Sued-West 1819"]
[Site "Bayern"]
[Date "2018.10.21"]
[Round "1.2"]
[White "Khrapko, Marharyta"]
[Black "Antemia, Paul"]
[Result "1-0"]
[WhiteElo "2140"]
[BlackElo "2083"]
[PlyCount "81"]
[EventDate "2018.10.21"]
[EventType "team-tourn"]
[EventRounds "9"]
[EventCountry "GER"]
[SourceTitle "EXT 2022"]
[Source "ChessBase"]
[SourceDate "2021.10.06"]
[SourceVersion "1"]
[SourceVersionDate "2021.10.06"]
[SourceQuality "1"]
[WhiteTeam "Altstadt Roter Turm"]
[BlackTeam "Tuerkheim/Bad Woerishofen"]
[WhiteTeamCountry "GER"]
[BlackTeamCountry "GER"]

1. e4 c5 2. Nf3 d6 3. c3 Nf6 4. Bd3 Nc6 5. Bc2 Bg4 6. h3 Bh5 7. g4 Bg6 8. Qe2 e5 9. d3 Be7 10. Nbd2 Nd7 11. Nc4 Nb6 12. Ne3 h5 13. Rg1 hxg4 14. hxg4 d5 15. exd5 Nxd5 16. Nc4 f6 17. g5 Bf7 18. Bd2 Qc7 19. 0-0-0 0-0-0 20. Qe4 Nb6 21. Bb3 Kb8 22. Ne3 Bxb3 23. axb3 Qd7 24. Kc2 Rh3 25. Nf5 Bf8 26. Be3 g6 27. N5h4 f5 28. Nxe5 fxe4 29. Nxd7+ Rxd7 30. Nxg6 exd3+ 31. Rxd3 Rxd3 32. Kxd3 Bg7 33. Nf4 Rh4 34. Ne6 Be5 35. f4 Bd6 36. g6 Ne7 37. g7 Ng8 38. Ke4 Kc8 39. Rd1 Be7 40. Bxc5 Bxc5 41. Rd8# 1-0

[Event "Regionalliga Sued-West 1718"]
[Site "Bayern"]
[Date "2018.02.04"]
[Round "6.3"]
[White "Antemia, Paul"]
[Black "Heuser, Philip"]
[Result "0-1"]
[WhiteElo "2056"]
[BlackElo "2034"]
[PlyCount "70"]
[EventDate "2017.10.22"]
[EventType "team-tourn"]
[EventRounds "9"]
[EventCountry "GER"]
[SourceTitle "EXT 2022"]
[Source "ChessBase"]
[SourceDate "2021.10.06"]
[SourceVersion "1"]
[SourceVersionDate "2021.10.06"]
[SourceQuality "1"]
[WhiteTeam "Tuerkheim/Bad Woerishofen"]
[BlackTeam "Muenchen SC II"]
[WhiteTeamCountry "GER"]
[BlackTeamCountry "GER"]

1. c4 c6 2. Nc3 d5 3. d4 dxc4 4. a4 Nf6 5. e4 e5 6. Nf3 exd4 7. Nxd4 Bb4 8. f3 0-0 9. Bxc4 Nbd7 10. Be3 Ne5 11. Be2 a5 12. Nc2 Be6 13. Qxd8 Rfxd8 14. Nd4 Bc4 15. Rd1 Nfd7 16. f4 Bxe2 17. Ndxe2 Nc4 18. Bc1 Nc5 19. 0-0 Nd3 20. b3 Bc5+ 21. Kh1 Ne3 22. Bxe3 Bxe3 23. g3 Nf2+ 24. Rxf2 Bxf2 25. Rf1 Bd4 26. Na2 Bc5 27. Rc1 Rd2 28. Rxc5 Rxe2 29. Nc1 Rxe4 30. Kg2 b5 31. Rxc6 bxa4 32. bxa4 Rxa4 33. Kf3 Rb4 34. Kg4 a4 35. Nd3 Rb5 0-1

[Event "Regionalliga SW 1516"]
[Site "Bayern"]
[Date "2015.12.13"]
[Round "4.2"]
[White "Waelzel, Helmut"]
[Black "Antemia, Paul"]
[Result "1-0"]
[WhiteElo "2222"]
[BlackElo "2068"]
[PlyCount "163"]
[EventDate "2015.10.11"]
[EventType "team-tourn"]
[EventRounds "9"]
[EventCountry "GER"]
[SourceTitle "EXT 2018"]
[Source "ChessBase"]
[SourceDate "2017.10.13"]
[SourceVersion "1"]
[SourceVersionDate "2017.10.13"]
[SourceQuality "1"]
[WhiteTeam "Haar"]
[BlackTeam "Tuerkheim/Bad Woerishofen"]
[WhiteTeamCountry "GER"]
[BlackTeamCountry "GER"]

1. c4 c5 2. Nf3 Nc6 3. d4 cxd4 4. Nxd4 g6 5. e4 Bg7 6. Be3 d6 7. Nc3 Nf6 8. Be2 0-0 9. 0-0 a6 10. h3 h6 11. Qd2 Kh7 12. f4 Bd7 13. Nf3 Rb8 14. Rad1 Be6 15. f5 gxf5 16. exf5 Bd7 17. Bd3 Rh8 18. Nd5 Qf8 19. Nb6 Be8 20. Bf4 Rd8 21. Qe2 Kg8 22. Nd5 Nxd5 23. cxd5 Nd4 24. Nxd4 Bxd4+ 25. Kh1 f6 26. Bxa6 bxa6 27. Rxd4 Bb5 28. Qe6+ Qf7 29. Rc1 Bd7 30. Qe4 Qh7 31. Rc7 Kf8 32. g4 h5 33. g5 Bxf5 34. Qe3 fxg5 35. Bxg5 Rd7 36. Rxd7 Bxd7 37. Bxe7+ Qxe7 38. Rf4+ Bf5 39. Rxf5+ Ke8 40. Qxe7+ Kxe7 41. h4 Rc8 42. b3 Rc2 43. a4 Rc3 44. Rxh5 Rxb3 45. Kg2 Ra3 46. Rf5 Rxa4 47. h5 Rh4 48. Kg3 Rh1 49. Kg4 a5 50. Rf4 Rg1+ 51. Kh4 Rg8 52. h6 Ra8 53. Kg5 Rg8+ 54. Kh5 Rf8 55. h7 Rxf4 56. h8Q Rf5+ 57. Kg6 Rxd5 58. Qg7+ Ke6 59. Qg8+ Ke5 60. Kf7 Kd4 61. Ke6 Kc4 62. Qc8+ Rc5 63. Qa6+ Kb4 64. Qb6+ Rb5 65. Qd4+ Ka3 66. Qa1+ Kb4 67. Qb2+ Kc4 68. Qc2+ Kb4 69. Kxd6 a4 70. Qb2+ Ka5 71. Qc3+ Ka6 72. Qc4 Ka5 73. Kc6 Rb6+ 74. Kc5 Rb8 75. Qc3+ Ka6 76. Qd3+ Ka5 77. Qc3+ Ka6 78. Qa5+ Kb7 79. Kd6 Rc8 80. Kd7 Ra8 81. Qb5+ Ka7 82. Kc7 1-0

[Event "Regionalliga SW 1516"]
[Site "Bayern"]
[Date "2015.11.15"]
[Round "3.1"]
[White "Fauth, Dietmar"]
[Black "Antemia, Paul"]
[Result "1-0"]
[WhiteElo "2091"]
[BlackElo "2068"]
[PlyCount "37"]
[EventDate "2015.10.11"]
[EventType "team-tourn"]
[EventRounds "9"]
[EventCountry "GER"]
[SourceTitle "EXT 2018"]
[Source "ChessBase"]
[SourceDate "2017.10.13"]
[SourceVersion "1"]
[SourceVersionDate "2017.10.13"]
[SourceQuality "1"]
[WhiteTeam "Muenchen Siemens"]
[BlackTeam "Tuerkheim/Bad Woerishofen"]
[WhiteTeamCountry "GER"]
[BlackTeamCountry "GER"]

1. e4 c5 2. d4 cxd4 3. c3 dxc3 4. Nxc3 a6 5. Bc4 e6 6. Nf3 b5 7. Bb3 Bb7 8. 0-0 b4 9. Nd5 exd5 10. exd5 Bd6 11. Re1+ Ne7 12. Ng5 Kf8 13. Qf3 f6 14. Ne4 Nc8 15. Bf4 Bxf4 16. Qxf4 d6 17. Ng5 Qd7 18. Rac1 Kg8 19. Rc7 1-0

[Event "Regionalliga SW 1213"]
[Site "Bayern"]
[Date "2012.12.09"]
[Round "4.3"]
[White "Antemia, Paul"]
[Black "Katzer, Joachim"]
[Result "0-1"]
[WhiteElo "2018"]
[BlackElo "1963"]
[PlyCount "56"]
[EventDate "2012.10.14"]
[EventType "team-tourn"]
[EventRounds "9"]
[EventCountry "GER"]
[SourceTitle "EXT 2015"]
[Source "ChessBase"]
[SourceDate "2014.11.20"]
[SourceVersion "1"]
[SourceVersionDate "2014.11.20"]
[SourceQuality "1"]
[WhiteTeam "Tuerkheim/Bad Woerishofen"]
[BlackTeam "Sendling"]
[WhiteTeamCountry "GER"]
[BlackTeamCountry "GER"]

1. e4 c5 2. Nf3 d6 3. d4 cxd4 4. Nxd4 Nf6 5. Nc3 a6 6. a4 e5 7. Nb3 Be6 8. Be2 Be7 9. Bg5 Nbd7 10. 0-0 0-0 11. Qd2 h6 12. Bxf6 Nxf6 13. Rfd1 Rc8 14. a5 Bc4 15. Bf3 Qc7 16. Nc1 Rfd8 17. N1e2 d5 18. exd5 Bb4 19. Qe3 Bc5 20. Qc1 e4 21. Nxe4 Nxe4 22. Bxe4 Bxe2 23. Rd2 Bg4 24. c3 Qe5 25. Qc2 Bd6 26. g3 Re8 27. Rd4 f5 28. Bg2 Qxd4 0-1

[Event "Regionalliga SW 1112"]
[Site "Bayern"]
[Date "2012.02.26"]
[Round "7.2"]
[White "Antemia, Paul"]
[Black "Huber, Stefan1111"]
[Result "1-0"]
[WhiteElo "2073"]
[BlackElo "1893"]
[PlyCount "85"]
[EventDate "2011.10.02"]
[EventType "team-tourn"]
[EventRounds "9"]
[EventCountry "GER"]
[SourceTitle "EXT 2015"]
[Source "ChessBase"]
[SourceDate "2014.11.20"]
[SourceVersion "1"]
[SourceVersionDate "2014.11.20"]
[SourceQuality "1"]
[WhiteTeam "Tuerkheim/Bad Woerishofen"]
[BlackTeam "Kaufbeuren"]
[WhiteTeamCountry "GER"]
[BlackTeamCountry "GER"]

1. e4 e5 2. Nf3 Nc6 3. Bb5 a6 4. Ba4 Nf6 5. 0-0 Be7 6. Re1 b5 7. Bb3 0-0 8. c3 d6 9. h3 Nb8 10. d4 Nbd7 11. Nbd2 Bb7 12. Bc2 Re8 13. Nf1 Bf8 14. Ng3 c5 15. d5 c4 16. Be3 Nc5 17. b4 cxb3 18. axb3 Rc8 19. Qd2 Rc7 20. Rec1 Kh8 21. b4 Ncd7 22. Bb3 Qc8 23. Ra2 h6 24. Nh4 Ng8 25. Nhf5 Kh7 26. Rac2 Qd8 27. Ne2 g6 28. Nfg3 h5 29. c4 bxc4 30. Bxc4 Qc8 31. Bxa6 Rxc2 32. Rxc2 Bxa6 33. Rxc8 Rxc8 34. Nc3 Bh6 35. b5 Bxe3 36. Qxe3 Bb7 37. Nge2 Nc5 38. f4 f6 39. Qf3 Rc7 40. f5 Rg7 41. fxg6+ Kxg6 42. Ng3 Rh7 43. Qf5+ 1-0

[Event "Regionalliga SW 1112"]
[Site "Bayern"]
[Date "2012.02.05"]
[Round "6.2"]
[White "Markl, Martin"]
[Black "Antemia, Paul"]
[Result "1/2-1/2"]
[WhiteElo "2040"]
[BlackElo "2073"]
[PlyCount "23"]
[EventDate "2011.10.02"]
[EventType "team-tourn"]
[EventRounds "9"]
[EventCountry "GER"]
[SourceTitle "EXT 2013"]
[Source "ChessBase"]
[SourceDate "2012.11.22"]
[SourceVersion "1"]
[SourceVersionDate "2012.11.22"]
[SourceQuality "1"]
[WhiteTeam "Muenchen Siemens"]
[BlackTeam "Tuerkheim/Bad Woerishofen"]
[WhiteTeamCountry "GER"]
[BlackTeamCountry "GER"]

1. d4 Nf6 2. c4 e6 3. Nf3 Bb4+ 4. Nc3 b6 5. Bg5 h6 6. Bxf6 Qxf6 7. e3 Bb7 8. Be2 0-0 9. 0-0 Bxc3 10. bxc3 d6 11. Nd2 Nd7 12. Bf3 1/2-1/2

[Event "Regionalliga SW 1112"]
[Site "Bayern"]
[Date "2011.10.23"]
[Round "2.2"]
[White "Link, Ulrich"]
[Black "Antemia, Paul"]
[Result "0-1"]
[WhiteElo "2040"]
[BlackElo "2073"]
[PlyCount "47"]
[EventDate "2011.10.02"]
[EventType "team-tourn"]
[EventRounds "9"]
[EventCountry "GER"]
[SourceTitle "EXT 2013"]
[Source "ChessBase"]
[SourceDate "2012.11.22"]
[SourceVersion "1"]
[SourceVersionDate "2012.11.22"]
[SourceQuality "1"]
[WhiteTeam "Krumbach II"]
[BlackTeam "Tuerkheim/Bad Woerishofen"]
[WhiteTeamCountry "GER"]
[BlackTeamCountry "GER"]

1. d4 Nf6 2. Nf3 e6 3. e3 b6 4. Bd3 Bb7 5. 0-0 Be7 6. b3 0-0 7. Bb2 Ne4 8. c4 d5 9. Qc2 f5 10. Ne5 Nd7 11. Nxd7 Qxd7 12. f3 Nf6 13. Nd2 c5 14. Rae1 Rac8 15. Qb1 Bd6 16. cxd5 Nxd5 17. Nc4 Bb8 18. Ne5 Qd8 19. dxc5 Rxc5 20. f4 Nc3 21. Qc2 Bxe5 22. fxe5 Qg5 23. Ba3 Ra5 24. Qxc3 0-1

[Event "Regionalliga SW 1112"]
[Site "Bayern"]
[Date "2011.10.02"]
[Round "1.1"]
[White "Moufang, Rainer"]
[Black "Antemia, Paul"]
[Result "1-0"]
[WhiteElo "2302"]
[BlackElo "2073"]
[PlyCount "51"]
[EventDate "2011.10.02"]
[EventType "team-tourn"]
[EventRounds "9"]
[EventCountry "GER"]
[SourceTitle "EXT 2013"]
[Source "ChessBase"]
[SourceDate "2012.11.22"]
[SourceVersion "1"]
[SourceVersionDate "2012.11.22"]
[SourceQuality "1"]
[WhiteTeam "Haar"]
[BlackTeam "Tuerkheim/Bad Woerishofen"]
[WhiteTeamCountry "GER"]
[BlackTeamCountry "GER"]

1. d4 Nf6 2. Bg5 e6 3. Nf3 h6 4. Bh4 b6 5. e3 Bb7 6. Nbd2 Be7 7. Bg3 0-0 8. Bd3 d5 9. c3 Nbd7 10. Qc2 c5 11. 0-0 Rc8 12. h3 c4 13. Be2 b5 14. Ne5 Nxe5 15. Bxe5 Ne4 16. Nxe4 dxe4 17. a4 a6 18. axb5 axb5 19. b3 Bd5 20. bxc4 bxc4 21. Ra4 Bd6 22. Bxd6 Qxd6 23. Rb1 Rc6 24. Qa2 Rfc8 25. Qa3 Rb8 26. Rxb8+ 1-0

[Event "Regionalliga SW 0910"]
[Site "Bayern"]
[Date "2010.03.21"]
[Round "8.1"]
[White "Antemia, Paul"]
[Black "Boehm, Uwe"]
[Result "1/2-1/2"]
[WhiteElo "2080"]
[BlackElo "2085"]
[PlyCount "128"]
[EventDate "2009.10.18"]
[EventType "team-tourn"]
[EventRounds "9"]
[EventCountry "GER"]
[SourceTitle "EXT 2011"]
[Source "ChessBase"]
[SourceDate "2010.11.26"]
[SourceVersion "1"]
[SourceVersionDate "2010.11.26"]
[SourceQuality "1"]
[WhiteTeam "Tuerkheim/Bad Woerishofen"]
[BlackTeam "Muenchen Siemens"]
[WhiteTeamCountry "GER"]
[BlackTeamCountry "GER"]

1. e4 c6 2. d4 d5 3. Nd2 dxe4 4. Nxe4 Bf5 5. Ng3 Bg6 6. Nf3 Nd7 7. h4 h6 8. h5 Bh7 9. Bd3 Bxd3 10. Qxd3 e6 11. Bd2 Ngf6 12. 0-0-0 Qc7 13. c4 0-0-0 14. Qe2 Bd6 15. Nf1 c5 16. Kb1 cxd4 17. Nxd4 a6 18. Rh3 Kb8 19. Nc2 Qc6 20. Nfe3 Bc7 21. Rh4 Nc5 22. Nd4 Qb6 23. Nec2 Rd7 24. Be3 Rhd8 25. Rhh1 Na4 26. Nb3 Qc6 27. Rxd7 Qxd7 28. f3 Qd6 29. Bf2 Qe5 30. Qxe5 Bxe5 31. Bd4 Bxd4 32. Nbxd4 Kc7 33. g4 Nc5 34. Re1 Nd3 35. Re3 Nf4 36. b4 Ng2 37. Re2 Nf4 38. Re3 Ng2 39. Rc3 Nf4 40. Kb2 Nd7 41. a4 Ne5 42. Kb3 g6 43. hxg6 Nexg6 44. a5 Nh4 45. Re3 h5 46. gxh5 Nxh5 47. b5 Ng3 48. b6+ Kc8 49. Kc3 Nhf5 50. Re5 Kd7 51. c5 Rc8 52. Kc4 Nd6+ 53. Kb4 Ndf5 54. f4 Ne7 55. Ne3 Ng6 56. Rg5 Ne4 57. Rh5 Nxf4 58. Rh7 Ke7 59. c6 Nd6 60. c7 Nd3+ 61. Kc3 Ne5 62. Rh1 Nd7 63. Kb4 Rg8 64. Rh4 Nc8 1/2-1/2

[Event "Regionalliga SW 0910"]
[Site "Bayern"]
[Date "2010.02.28"]
[Round "7.2"]
[White "Antemia, Paul"]
[Black "Hornung, Hans"]
[Result "0-1"]
[WhiteElo "2080"]
[BlackElo "2037"]
[PlyCount "70"]
[EventDate "2009.10.18"]
[EventType "team-tourn"]
[EventRounds "9"]
[EventCountry "GER"]
[SourceTitle "EXT 2011"]
[Source "ChessBase"]
[SourceDate "2010.11.26"]
[SourceVersion "1"]
[SourceVersionDate "2010.11.26"]
[SourceQuality "1"]
[WhiteTeam "Tuerkheim/Bad Woerishofen"]
[BlackTeam "Klosterlechfeld"]
[WhiteTeamCountry "GER"]
[BlackTeamCountry "GER"]

1. e4 g6 2. d4 d6 3. Bc4 Bg7 4. Nf3 Nf6 5. Qe2 0-0 6. e5 Ne8 7. 0-0 Bg4 8. Nbd2 c5 9. Qe4 Bf5 10. Qxb7 Nd7 11. Re1 cxd4 12. e6 Bxe6 13. Bxe6 fxe6 14. Nb3 Nc7 15. Nbxd4 Nc5 16. Qb4 Qd7 17. Qc4 Kh8 18. b4 Ne4 19. Rb1 d5 20. Qc6 Qd6 21. c4 e5 22. c5 Qf6 23. Qxc7 exd4 24. Bb2 e5 25. Rbd1 Rad8 26. b5 g5 27. h3 h5 28. Qxe5 Qxe5 29. Nxe5 Bxe5 30. f3 Nc3 31. Bxc3 dxc3 32. Rxe5 d4 33. Rd3 c2 34. Re1 Rf5 35. c6 Rxb5 0-1

[Event "Regionalliga SW 0809"]
[Site "Bayern"]
[Date "2009.02.01"]
[Round "6.2"]
[White "Jussupow, Alexander"]
[Black "Antemia, Paul"]
[Result "0-1"]
[WhiteElo "2047"]
[BlackElo "2088"]
[PlyCount "62"]
[EventDate "2008.10.05"]
[EventType "team-tourn"]
[EventRounds "9"]
[EventCountry "GER"]
[SourceTitle "EXT 2020"]
[Source "ChessBase"]
[SourceDate "2019.10.17"]
[SourceVersion "1"]
[SourceVersionDate "2019.10.17"]
[SourceQuality "1"]
[WhiteTeam "Krumbach II"]
[BlackTeam "Tuerkheim"]
[WhiteTeamCountry "GER"]
[BlackTeamCountry "GER"]

1. d4 Nf6 2. Nf3 e6 3. Bg5 d5 4. e3 Be7 5. Bd3 0-0 6. 0-0 h6 7. Bh4 Nbd7 8. Ne5 c5 9. c3 Nxe5 10. dxe5 Nd7 11. Bxe7 Qxe7 12. f4 f6 13. exf6 Nxf6 14. Nd2 e5 15. fxe5 Qxe5 16. Qf3 Bd7 17. Rae1 Ng4 18. Qg3 Qxg3 19. hxg3 Rxf1+ 20. Nxf1 Re8 21. Bg6 Re5 22. e4 Rg5 23. Bf5 Bxf5 24. exf5 Rxf5 25. Re2 Kf7 26. Nh2 Re5 27. Rd2 Re1+ 28. Nf1 Ke6 29. a3 Ke5 30. b4 b6 31. a4 d4 0-1

[Event "Regionalliga SW 0809"]
[Site "Bayern"]
[Date "2008.11.30"]
[Round "3.2"]
[White "Ruether, Rudolf"]
[Black "Antemia, Paul"]
[Result "1-0"]
[WhiteElo "2105"]
[BlackElo "2088"]
[PlyCount "107"]
[EventDate "2008.10.05"]
[EventType "team-tourn"]
[EventRounds "9"]
[EventCountry "GER"]
[SourceTitle "EXT 2020"]
[Source "ChessBase"]
[SourceDate "2019.10.17"]
[SourceVersion "1"]
[SourceVersionDate "2019.10.17"]
[SourceQuality "1"]
[WhiteTeam "Muenchen Siemens"]
[BlackTeam "Tuerkheim"]
[WhiteTeamCountry "GER"]
[BlackTeamCountry "GER"]

1. d4 Nf6 2. c4 e6 3. Nc3 Bb4 4. e3 b6 5. Bd3 Bb7 6. Nge2 0-0 7. 0-0 d5 8. a3 Bd6 9. Ng3 Bxg3 10. hxg3 Ne4 11. Bd2 f5 12. Be1 Qg5 13. cxd5 exd5 14. Qf3 Nd7 15. Qf4 Qd8 16. Rc1 c6 17. g4 fxg4 18. Qxg4 Ndf6 19. Qh4 Nxc3 20. Bxc3 Ne4 21. Qxd8 Raxd8 22. f3 Ng3 23. Rfe1 g6 24. b4 Nf5 25. a4 Rfe8 26. Kf2 h5 27. Bxf5 gxf5 28. Rh1 Rd7 29. Rxh5 Rf7 30. Bd2 Re6 31. Rch1 Kf8 32. Rh8+ Ke7 33. R1h7 Ref6 34. Kg3 Rg6+ 35. Kf4 Rxg2 36. Rxf7+ Kxf7 37. Rh7+ Rg7 38. Rxg7+ Kxg7 39. Kxf5 Kf7 40. Ke5 Ke7 41. b5 c5 42. dxc5 bxc5 43. f4 Kd7 44. Bc3 Ke7 45. Bb2 Kd7 46. Ba3 c4 47. Bb2 a6 48. bxa6 Bc6 49. a7 Ba8 50. Bd4 Bc6 51. f5 Ba8 52. f6 Bc6 53. Bc3 Ba8 54. Bb4 1-0

[Event "Regionalliga SW 0708"]
[Site "Bayern"]
[Date "2008.04.06"]
[Round "8.2"]
[White "Antemia, Paul"]
[Black "Ruether, Rudolf"]
[Result "1-0"]
[WhiteElo "2088"]
[BlackElo "2138"]
[PlyCount "55"]
[EventDate "2007.10.21"]
[EventType "team-tourn"]
[EventRounds "9"]
[EventCountry "GER"]
[SourceTitle "EXT 2009"]
[Source "ChessBase"]
[SourceDate "2008.11.26"]
[SourceVersion "1"]
[SourceVersionDate "2008.11.26"]
[SourceQuality "1"]
[WhiteTeam "Tuerkheim"]
[BlackTeam "Muenchen Siemens"]
[WhiteTeamCountry "GER"]
[BlackTeamCountry "GER"]

1. e4 c5 2. Nf3 e6 3. d4 cxd4 4. Nxd4 a6 5. Bd3 Nf6 6. 0-0 Qc7 7. Be3 Be7 8. f4 d6 9. c4 0-0 10. Nc3 Nbd7 11. Rc1 b6 12. b4 Re8 13. a3 Bf8 14. Qf3 Bb7 15. Qh3 Rad8 16. Nf3 g6 17. Ng5 Bg7 18. Bd4 e5 19. Nd5 Bxd5 20. cxd5 Qb7 21. fxe5 Nxe5 22. Rxf6 Bxf6 23. Qxh7+ Kf8 24. Bxe5 dxe5 25. Bxa6 Qd7 26. Bb5 Qa7 27. Bxe8 Kxe8 28. Qg8+ 1-0

[Event "Regionalliga SW 0708"]
[Site "Bayern"]
[Date "2008.03.09"]
[Round "7.1"]
[White "Jorczik, Julian Marcel"]
[Black "Antemia, Paul"]
[Result "1-0"]
[WhiteElo "2329"]
[BlackElo "2088"]
[PlyCount "111"]
[EventDate "2007.10.21"]
[EventType "team-tourn"]
[EventRounds "9"]
[EventCountry "GER"]
[SourceTitle "EXT 2009"]
[Source "ChessBase"]
[SourceDate "2008.11.26"]
[SourceVersion "1"]
[SourceVersionDate "2008.11.26"]
[SourceQuality "1"]
[WhiteTeam "Muenchen Suedost"]
[BlackTeam "Tuerkheim"]
[WhiteTeamCountry "GER"]
[BlackTeamCountry "GER"]

1. d4 Nf6 2. c4 e6 3. Nf3 b6 4. a3 Bb7 5. Nc3 d5 6. cxd5 Nxd5 7. Qc2 Nd7 8. e4 Nxc3 9. bxc3 c5 10. Bd3 Be7 11. 0-0 Rc8 12. Qe2 0-0 13. Bf4 Re8 14. Rfd1 cxd4 15. cxd4 Rc3 16. Bb5 Bc6 17. Qd2 Rxf3 18. Bxc6 Rxf4 19. Qxf4 Rf8 20. e5 Qc7 21. Qe4 Rd8 22. a4 Nb8 23. Bb5 a6 24. Rac1 Qa7 25. Bc4 Qd7 26. Bb3 Ba3 27. Rc3 Qe7 28. d5 exd5 29. Rxd5 Re8 30. h4 Bb2 31. Rf3 g6 32. Rd6 Bxe5 33. Rxg6+ Kh8 34. Rg4 Bh2+ 35. Kxh2 Qxe4 36. Rxe4 Rxe4 37. Rxf7 Rxh4+ 38. Kg3 Rb4 39. Bd5 Rd4 40. Rf8+ Kg7 41. Rg8+ Kf6 42. Rxb8 Rxd5 43. Rxb6+ Kg5 44. Rxa6 Rd3+ 45. f3 Rd4 46. f4+ Kf5 47. Ra5+ Kf6 48. Kg4 Rd6 49. Ra8 Kg7 50. a5 Rg6+ 51. Kf3 h5 52. g3 Rc6 53. a6 Rc3+ 54. Kg2 Ra3 55. a7 Kh7 56. f5 1-0

[Event "Regionalliga SW 0708"]
[Site "Bayern"]
[Date "2007.10.21"]
[Round "1.2"]
[White "Antemia, Paul"]
[Black "Rogg, Gerhard"]
[Result "1-0"]
[WhiteElo "2088"]
[BlackElo "2032"]
[PlyCount "61"]
[EventDate "2007.10.21"]
[EventType "team-tourn"]
[EventRounds "9"]
[EventCountry "GER"]
[SourceTitle "EXT 2009"]
[Source "ChessBase"]
[SourceDate "2008.11.26"]
[SourceVersion "1"]
[SourceVersionDate "2008.11.26"]
[SourceQuality "1"]
[WhiteTeam "Tuerkheim"]
[BlackTeam "Sonthofen"]
[WhiteTeamCountry "GER"]
[BlackTeamCountry "GER"]

1. e4 e6 2. d4 d5 3. Nd2 Nf6 4. e5 Nfd7 5. Bd3 f5 6. Ne2 Be7 7. Nf4 Nf8 8. h4 c5 9. c3 cxd4 10. cxd4 Nc6 11. Nb3 a5 12. a4 Nb4 13. Bb1 b6 14. g4 g6 15. gxf5 exf5 16. h5 g5 17. Nd3 h6 18. Bd2 Nxd3+ 19. Bxd3 Nh7 20. Qc2 0-0 21. Qc6 Bd7 22. Qxh6 Rc8 23. Rc1 Rxc1+ 24. Nxc1 Kh8 25. Bb5 Bxb5 26. axb5 Bf6 27. Rh3 g4 28. Rc3 Bg5 29. Bxg5 Qxg5 30. Rc6 Qxh6 31. Rxh6 1-0

[Event "Regionalliga SW 0203"]
[Site "Bayern"]
[Date "2003.03.30"]
[Round "9.1"]
[White "Antemia, Paul"]
[Black "Kostic, Vladimir G"]
[Result "0-1"]
[WhiteElo "2179"]
[BlackElo "2455"]
[PlyCount "62"]
[EventDate "2002.10.20"]
[EventType "team"]
[EventRounds "9"]
[EventCountry "GER"]
[SourceTitle "EXT 2004"]
[Source "ChessBase"]
[SourceDate "2003.11.25"]
[SourceVersion "1"]
[SourceVersionDate "2003.11.25"]
[SourceQuality "1"]
[WhiteTeam "Tuerkheim"]
[BlackTeam "Muenchen Suedost"]
[WhiteTeamCountry "GER"]
[BlackTeamCountry "GER"]

1. e4 c5 2. Nf3 e6 3. d4 cxd4 4. Nxd4 Nf6 5. Bd3 Nc6 6. Nxc6 bxc6 7. 0-0 e5 8. c4 Bc5 9. Nc3 h6 10. Kh1 d6 11. Be2 Bd4 12. f3 0-0 13. Qe1 Nh5 14. Bd2 Rb8 15. b3 Nf4 16. Rd1 Qf6 17. g3 Nxe2 18. Qxe2 Qg6 19. g4 h5 20. h3 f6 21. Qd3 hxg4 22. fxg4 Kf7 23. Qf3 Rh8 24. Kg2 Rh4 25. Ne2 Rxg4+ 26. hxg4 Bxg4 27. Nxd4 Bxf3+ 28. Kxf3 exd4 29. Rh1 Re8 30. Rde1 d5 31. cxd5 cxd5 0-1

[Event "Regionalliga SW 0203"]
[Site "Bayern"]
[Date "2003.03.09"]
[Round "8.1"]
[White "Schmidt, Georg"]
[Black "Antemia, Paul"]
[Result "1-0"]
[WhiteElo "2238"]
[BlackElo "2179"]
[PlyCount "85"]
[EventDate "2002.10.20"]
[EventType "team"]
[EventRounds "9"]
[EventCountry "GER"]
[SourceTitle "EXT 2004"]
[Source "ChessBase"]
[SourceDate "2003.11.25"]
[SourceVersion "1"]
[SourceVersionDate "2003.11.25"]
[SourceQuality "1"]
[WhiteTeam "Muenchen 36"]
[BlackTeam "Tuerkheim"]
[WhiteTeamCountry "GER"]
[BlackTeamCountry "GER"]

1. e4 c5 2. Nf3 d6 3. Bb5+ Nd7 4. c4 e5 5. Nc3 Ngf6 6. a3 Be7 7. b4 0-0 8. Bxd7 Qxd7 9. bxc5 dxc5 10. d3 Rd8 11. Nd5 Nxd5 12. cxd5 Bd6 13. Qc2 b6 14. 0-0 h6 15. Nd2 Qe8 16. Nc4 g5 17. a4 Bf8 18. Bb2 f6 19. Ne3 Rb8 20. f3 Rb7 21. g3 Qg6 22. Kh1 Bd6 23. Nc4 Rg7 24. a5 Bc7 25. axb6 axb6 26. Qb3 Kh7 27. Ra7 Qe8 28. Rfa1 b5 29. Na5 Bxa5 30. R1xa5 Qh5 31. Rxg7+ Kxg7 32. Qd1 Bd7 33. Qf1 Qe8 34. f4 exf4 35. gxf4 Qe7 36. e5 fxe5 37. fxe5 Rf8 38. e6+ Kh7 39. Qe2 Be8 40. Qe5 Rf1+ 41. Kg2 Qf8 42. Ra7+ Kg6 43. Rg7+ 1-0